Rechtmäßigkeit und Verwertbarkeit heimlicher Stimmvergleiche im Strafverfahren

Guardado en:  
Detalles Bibliográficos
Autor principal: Holzinger, Ulrike 1966- (Autor)
Tipo de documento: Print Libro
Lenguaje:Alemán
Publicado: Berlin Duncker und Humblot 1997
En: Schriften zum Prozessrecht (132)
Año: 1997
Acceso en línea: Contenido
Índice
Información sobre el editorial
Verificar disponibilidad: HBZ Gateway
Servicio de pedido Subito: Pedir ahora.
Palabras clave:

MARC

LEADER 00000cam a2200000 c 4500
001 272126217
003 DE-627
005 20260206200626.0
007 tu
008 970318s1997 gw ||||| m 00| ||ger c
015 |a 97,N16,0199  |2 dnb 
015 |a 97,A29,0314  |2 dnb 
016 7 |a 950024546  |2 DE-101 
020 |a 3428088204  |9 3-428-08820-4 
035 |a (DE-627)272126217 
035 |a (DE-603)052420205 
035 |a (DE-576)057893527 
035 |a (DE-599)GBV272126217 
035 |a (OCoLC)246390171 
035 |a (OCoLC)845382403 
035 |a (OCoLC)40290876 
035 |a (DE-604)8112865763 
040 |a DE-627  |b ger  |c DE-627  |e rakwb 
041 |a ger 
044 |c XA-DE 
084 |a PH 4940  |2 sdnb 
084 |a 19  |a 28  |a 11  |2 sdnb 
084 |a PH 4850  |q SEPA  |2 rvk  |0 (DE-625)rvk/136155: 
084 |a PH 4830  |q SEPA  |2 rvk  |0 (DE-625)rvk/136153: 
084 |a PH 4880  |2 rvk  |0 (DE-625)rvk/136158: 
084 |a PH 4940  |2 rvk  |0 (DE-625)rvk/136164: 
100 1 |a Holzinger, Ulrike  |d 1966-  |0 (DE-588)115436057  |0 (DE-627)69131683X  |0 (DE-576)289883148  |4 aut 
109 |a Holzinger, Ulrike 1966-  |a Ackemann, Ulrike 1966-  |a Ackemann, Ulricke 1966- 
245 1 0 |a Rechtmäßigkeit und Verwertbarkeit heimlicher Stimmvergleiche im Strafverfahren  |c von Ulricke Ackemann 
264 1 |a Berlin  |b Duncker und Humblot  |c 1997 
300 |a 225 S. 
336 |a Text  |b txt  |2 rdacontent 
337 |a ohne Hilfsmittel zu benutzen  |b n  |2 rdamedia 
338 |a Band  |b nc  |2 rdacarrier 
490 1 |a Schriften zum Prozessrecht  |v 132 
500 |a Literaturverz. S. [211] - 221 
502 |a Zugl.: Passau, Univ., Diss., 1995 
583 1 |a Archivierung prüfen  |c 20240324  |f DE-4165  |z 2  |2 pdager 
655 7 |a Hochschulschrift  |0 (DE-588)4113937-9  |0 (DE-627)105825778  |0 (DE-576)209480580  |2 gnd-content 
689 0 0 |d s  |0 (DE-588)4116634-6  |0 (DE-627)105805297  |0 (DE-576)209503203  |a Strafverfahren  |2 gnd 
689 0 1 |d s  |0 (DE-588)4195378-2  |0 (DE-627)105212334  |0 (DE-576)210100702  |a Beweisverwertungsverbot  |2 gnd 
689 0 2 |d s  |0 (DE-588)4058881-6  |0 (DE-627)106145592  |0 (DE-576)209128313  |a Täter  |2 gnd 
689 0 3 |d s  |0 (DE-588)4072712-9  |0 (DE-627)106094408  |0 (DE-576)209187964  |a Identifikation  |2 gnd 
689 0 4 |d s  |0 (DE-588)4138358-8  |0 (DE-627)105643289  |0 (DE-576)209685379  |a Sprechererkennung  |2 gnd 
689 0 |5 DE-101 
689 1 0 |d g  |0 (DE-588)4011882-4  |0 (DE-627)104704861  |0 (DE-576)208896155  |a Deutschland  |2 gnd 
689 1 1 |d s  |0 (DE-588)4057803-3  |0 (DE-627)106149431  |0 (DE-576)209123753  |a Strafverfolgung  |2 gnd 
689 1 2 |d s  |0 (DE-588)4306757-8  |0 (DE-627)123210887  |0 (DE-576)211090344  |a Verdeckte Ermittlung  |2 gnd 
689 1 3 |d s  |0 (DE-588)4138358-8  |0 (DE-627)105643289  |0 (DE-576)209685379  |a Sprechererkennung  |2 gnd 
689 1 4 |d s  |0 (DE-588)4058881-6  |0 (DE-627)106145592  |0 (DE-576)209128313  |a Täter  |2 gnd 
689 1 5 |d s  |0 (DE-588)4072712-9  |0 (DE-627)106094408  |0 (DE-576)209187964  |a Identifikation  |2 gnd 
689 1 6 |d s  |0 (DE-588)4144883-2  |0 (DE-627)105595004  |0 (DE-576)209737301  |a Beschuldigter  |2 gnd 
689 1 7 |d s  |0 (DE-588)4125622-0  |0 (DE-627)104325186  |0 (DE-576)209578122  |a Täuschung  |2 gnd 
689 1 8 |d s  |0 (DE-588)4193611-5  |0 (DE-627)105225797  |0 (DE-576)210088613  |a Aussagefreiheit  |2 gnd 
689 1 9 |d s  |0 (DE-588)7753486-4  |0 (DE-627)700621202  |0 (DE-576)347772536  |a Beweisverwertung  |2 gnd 
689 1 |5 (DE-627) 
751 |a Passau  |0 (DE-588)4044828-9  |0 (DE-627)106204114  |0 (DE-576)209062509  |4 uvp 
830 0 |a Schriften zum Prozessrecht  |v 132  |9 132  |w (DE-627)130092606  |w (DE-576)015625567  |w (DE-600)500653-3  |x 0582-0219  |7 am 
856 4 2 |u https://swbplus.bsz-bw.de/bsz057893527vlg.htm  |m V:DE-576  |v 2006-08-08  |3 Inhaltstext  |7 1 
856 4 2 |u http://www.gbv.de/dms/spk/sbb/toc/272126217.pdf  |m V:DE-601  |m B:DE-1  |q pdf/application  |x Verlag  |y Inhaltsverzeichnis  |3 Inhaltsverzeichnis  |7 1 
856 4 2 |u http://scans.hebis.de/HEBCGI/show.pl?05242020_vlg.html  |m V:DE-576  |q text/html  |3 Verlagsinformation  |7 1 
889 |w (DE-627)226257398 
935 |i mdedup 
935 |i Blocktest 
935 |h HEB  |i 0501 
935 |h HEB  |i 0503 
936 r v |a PH 4850  |b Allgemeines, auch Beweisverbote  |k Rechtswissenschaft  |k Strafrecht, Strafverfahrensrecht, Kriminologie  |k Strafverfahrensrecht  |k Beweisrecht  |k Allgemeines, auch Beweisverbote  |0 (DE-627)127173866X  |0 (DE-625)rvk/136155:  |0 (DE-576)20173866X 
936 r v |a PH 4830  |b Angeklagter, Verteidiger  |k Rechtswissenschaft  |k Strafrecht, Strafverfahrensrecht, Kriminologie  |k Strafverfahrensrecht  |k Rechtsstellung der Verfahrensbeteiligten  |k Angeklagter, Verteidiger  |0 (DE-627)1271739852  |0 (DE-625)rvk/136153:  |0 (DE-576)201739852 
936 r v |a PH 4880  |b Sonstige Einzelfragen  |k Rechtswissenschaft  |k Strafrecht, Strafverfahrensrecht, Kriminologie  |k Strafverfahrensrecht  |k Beweisrecht  |k Sonstige Einzelfragen  |0 (DE-627)127173978X  |0 (DE-625)rvk/136158:  |0 (DE-576)20173978X 
936 r v |a PH 4940  |b Überwachung des Fernmeldeverkehrs, Einsatz technischer Mittel  |k Rechtswissenschaft  |k Strafrecht, Strafverfahrensrecht, Kriminologie  |k Strafverfahrensrecht  |k Zwangsmassnahmen und sonstige Eingriffsbefugnisse  |k Überwachung des Fernmeldeverkehrs, Einsatz technischer Mittel  |0 (DE-627)1271952858  |0 (DE-625)rvk/136164:  |0 (DE-576)201952858 
936 s n |a p100  |2 mzub 
936 s n |a s200  |2 mzub 
936 s n |a c200  |2 mzub 
951 |a BO 
ELC |b 1 
LOK |0 000 xxxxxcx a22 zn 4500 
LOK |0 001 3176119380 
LOK |0 003 DE-627 
LOK |0 004 272126217 
LOK |0 005 20251209114303 
LOK |0 008 150728||||||||||||||||ger||||||| 
LOK |0 040   |a DE-21-110  |c DE-627  |d DE-21-110 
LOK |0 689   |a s  |a Beweiserhebung 
LOK |0 689   |a s  |a Strafverfahren 
LOK |0 689   |a s  |a Stimmvergleich 
LOK |0 689   |a s  |a Beweisaufnahme 
LOK |0 852   |z Kein Bestand am IfK; Nachweis für KrimDok 
LOK |0 852   |a DE-21-110 
LOK |0 852 1  |m v  |9 00 
LOK |0 935   |a k110 
LOK |0 938   |k v 
LOK |0 939   |a 28-07-15  |b l01 
ORI |a SA-MARC-krimdoka001.raw 
TIM |a 100019901003_100020261231  |b 1990-10-03 - 2026